Crónicas del ayer en rondeau 29 /
Guardado en:
| Autor Principal: | |
|---|---|
| Formato: | Libro |
| Publicado: |
Bahía Blanca :
Ediuns,
2011
|
| Materias: | |
| Etiquetas: |
Agregar Etiqueta
Sin Etiquetas, Sea el primero en etiquetar este registro!
|
| LEADER | 00815nam a22001935a 4500 | ||
|---|---|---|---|
| 001 | CEM.cems014935 | ||
| 005 | 20180523150145.0 | ||
| 008 | 130507s2011##################000#0#####d | ||
| 003 | CEMS | ||
| 020 | |a 9789871620708 | ||
| 082 | 0 | 4 | |a 982.1 |
| 100 | 1 | |a Laborde, Hugo | |
| 245 | 1 | 0 | |a Crónicas del ayer en rondeau 29 / |c Hugo Laborde |
| 260 | |a Bahía Blanca : |b Ediuns, |c 2011 | ||
| 300 | |a 114 p. | ||
| 505 | 0 | |a Palabras liminares -- Memorias -- Semblanza -- Hechos trascendentes ocurridos en Rondeau 29 -- Los comienzos de las instituciones -- Las clases -- Los alumnos -- Los profesores -- Tiempo difíciles -- Los exámenes -- Vida cotidiana -- Planos -- Recuperación y puesta en valor del edificio | |
| 653 | |a Historia | ||
| 653 | |a Historia bahía blanca | ||
| 859 | |a CEMS |b BIB. CEMS - 11 de abril |h 982.1 |i L113 |p 27540.18 |t Ej.1 | ||
